Normal view
MARC view
- PROGRAMAS PARA COMPUTADORA
Entry Materia
001 - NÚMERO DE CONTROL DEL REGISTRO
- campo de control: 5469
003 - IDENTIFICADOR DE NUMERO DE CONTROL
- campo de control: UPN
005 - FECHA Y HORA DE LA ÚLTIMA TRANSACCIÓN
- campo de control: 20210219193652.0
008 - DATOS DE LONGITUD FIJA
- campo de control de longitud fija: nabaccnnaabn|||||||||| b |nc|||||d
035 ## - NÚMERO DE CONTROL DEL SISTEMA
- Número de control del sistema: UPN10000005469
040 ## - FUENTE DE LA CATALOGACIÓN
- Lengua de catalogación: SPA
- Agencia de transcripción: UPN
150 ## - ENCABEZAMIENTO - TEMÁTICO
- Término de materia o nombre geográfico como elemento inicial: PROGRAMAS PARA COMPUTADORA
360 ## - REFERENCIA COMPLEJA DE VÉASE ADEMÁS - MATERIA
- Texto explicativo: Subdivisión
- Encabezamiento al que se remite: PROGRAMAS PARA COMPUTADORA
- Texto explicativo: bajo encabezamientos de tópico; y títulos uniformes de programas para computadora individuales
450 ## - VÉASE - MATERIA
- Encabezamiento temático: Programas de computador
450 ## - VÉASE - MATERIA
- Encabezamiento temático: Programas para computador
670 ## - FUENTE EN LA QUE SE LOCALIZARON DATOS
- Cita de la fuente: LC/P
- Información localizada: Computer programs
902 ## - CATALOGADOR
- Catalogador: MMA/241106
